[Event "Rapid Tournament (RAP)"]
[Site "Biel, CH"]
[Date "2025.07.13"]
[Round "3"]
[White "Talwalkar, Vedant"]
[Black "Kappeler, Kaspar"]
[Result "1-0"]
[Board "15"]
[WhiteFideId "30962498"]
[BlackFideId "1309072"]
[WhiteTitle "FM"]
[BlackTitle "FM"]
[WhiteElo "2014"]
[BlackElo "2178"]
[WhiteTeam "USA"]
[BlackTeam "SUI"]
[WhiteClock "0:01:06"]
[BlackClock "0:00:20"]
[Variant "Standard"]

1. e4 {[%clk 0:15:05]}  c5 {[%clk 0:15:09]} 2. Nf3 {[%clk 0:15:11]}  e6 {[%clk 0:15:03]} 3. d4 {[%clk 0:15:15]}  cxd4 {[%clk 0:15:07]} 4. Nxd4 {[%clk 0:15:18]}  Nf6 {[%clk 0:15:09]} 5. Nc3 {[%clk 0:15:22]}  d6 {[%clk 0:15:13]} 6. Be3 {[%clk 0:15:09]}  Nc6 {[%clk 0:15:15]} 7. Be2 {[%clk 0:15:05]}  Be7 {[%clk 0:15:18]} 8. O-O {[%clk 0:15:07]}  O-O {[%clk 0:15:20]} 9. f4 {[%clk 0:15:05]}  e5 {[%clk 0:14:50]} 10. Nf5 {[%clk 0:14:16]}  Bxf5 {[%clk 0:15:18]} 11. exf5 {[%clk 0:14:19]}  exf4 {[%clk 0:14:40]} 12. Bxf4 {[%clk 0:12:57]}  d5 {[%clk 0:13:54]} 13. Bd3 {[%clk 0:11:44]}  Qb6+ {[%clk 0:13:17]} 14. Kh1 {[%clk 0:11:54]}  Qxb2 {[%clk 0:13:02]} 15. Nb5 {[%clk 0:11:12]}  Qb4 {[%clk 0:11:53]} 16. Rb1 {[%clk 0:10:22]}  Qc5 {[%clk 0:11:41]} 17. Nc7 {[%clk 0:09:26]}  Rad8 {[%clk 0:10:41]} 18. Rxb7 {[%clk 0:09:35]}  Ne4 {[%clk 0:08:41]} 19. Qe1 {[%clk 0:03:43]}  Bd6 {[%clk 0:04:28]} 20. Nxd5 {[%clk 0:06:53]}  Qxd5 {[%clk 0:04:30]} 21. Bxe4 {[%clk 0:06:55]}  Qc4 {[%clk 0:04:32]} 22. Bd3 {[%clk 0:03:21]}  Qxa2 {[%clk 0:02:58]} 23. f6 {[%clk 0:03:44]}  Bxf4 {[%clk 0:01:25]} 24. Rxf4 {[%clk 0:03:46]}  Rfe8 {[%clk 0:00:47]} 25. Qg3 {[%clk 0:03:04]}  g6 {[%clk 0:00:46]} 26. Rf1 {[%clk 0:02:50]}  Ne5 {[%clk 0:00:30]} 27. Qf4 {[%clk 0:01:48]}  Kh8 {[%clk 0:00:18]} 28. Qh6 {[%clk 0:01:06]}  Rg8 {[%clk 0:00:20]} 29. Rb4 {[%clk 0:01:06]} 1-0

[Event "Rapid Tournament (RAP)"]
[Site "Biel, CH"]
[Date "2025.07.13"]
[Round "3"]
[White "Vemparala, Nikash"]
[Black "He, Junchen"]
[Result "1-0"]
[Board "16"]
[WhiteFideId "30960967"]
[BlackFideId "8642427"]
[WhiteTitle "CM"]
[WhiteElo "2178"]
[BlackElo "2007"]
[WhiteTeam "USA"]
[BlackTeam "CHN"]
[WhiteClock "0:06:20"]
[BlackClock "0:04:16"]
[Variant "Standard"]

1. c4 {[%clk 0:15:09]}  b6 {[%clk 0:15:01]} 2. Nc3 {[%clk 0:15:10]}  Bb7 {[%clk 0:15:05]} 3. e4 {[%clk 0:15:14]}  e6 {[%clk 0:15:06]} 4. d3 {[%clk 0:15:14]}  g6 {[%clk 0:15:04]} 5. g3 {[%clk 0:15:17]}  Bg7 {[%clk 0:15:08]} 6. Bg2 {[%clk 0:15:21]}  Ne7 {[%clk 0:15:01]} 7. Nge2 {[%clk 0:15:25]}  d6 {[%clk 0:15:01]} 8. O-O {[%clk 0:15:24]}  Nd7 {[%clk 0:15:04]} 9. Be3 {[%clk 0:15:24]}  O-O {[%clk 0:14:49]} 10. Qd2 {[%clk 0:15:28]}  Re8 {[%clk 0:14:12]} 11. Bh6 {[%clk 0:15:26]}  Bh8 {[%clk 0:14:15]} 12. f4 {[%clk 0:15:04]}  Qc8 {[%clk 0:12:57]} 13. g4 {[%clk 0:14:28]}  Nf6 {[%clk 0:10:32]} 14. h3 {[%clk 0:14:35]}  Bg7 {[%clk 0:09:28]} 15. Bxg7 {[%clk 0:13:05]}  Kxg7 {[%clk 0:09:32]} 16. Ng3 {[%clk 0:13:03]}  Nc6 {[%clk 0:08:19]} 17. f5 {[%clk 0:12:45]}  Ng8 {[%clk 0:07:40]} 18. Rf2 {[%clk 0:10:12]}  Qd7 {[%clk 0:07:34]} 19. Raf1 {[%clk 0:10:08]}  Rf8 {[%clk 0:07:31]} 20. h4 {[%clk 0:09:23]}  Ne5 {[%clk 0:07:23]} 21. Bh3 {[%clk 0:08:49]}  a6 {[%clk 0:06:54]} 22. Nce2 {[%clk 0:08:20]}  b5 {[%clk 0:05:27]} 23. b3 {[%clk 0:07:59]}  Kh8 {[%clk 0:04:07]} 24. d4 {[%clk 0:06:40]}  Nc6 {[%clk 0:04:11]} 25. fxe6 {[%clk 0:06:39]}  Qxe6 {[%clk 0:04:00]} 26. d5 {[%clk 0:06:43]}  Qe7 {[%clk 0:04:04]} 27. dxc6 {[%clk 0:06:38]}  Bxc6 {[%clk 0:04:02]} 28. Qd4+ {[%clk 0:06:28]}  f6 {[%clk 0:04:05]} 29. g5 {[%clk 0:06:25]}  Kg7 {[%clk 0:04:09]} 30. Nf4 {[%clk 0:06:20]}  Qe5 {[%clk 0:04:04]} 31. Qxe5 {[%clk 0:06:20]}  dxe5 {[%clk 0:04:08]} 32. Ne6+ {[%clk 0:06:23]}  Kf7 {[%clk 0:04:07]} 33. Nxf8 {[%clk 0:06:26]}  Rxf8 {[%clk 0:04:10]} 34. Rxf6+ {[%clk 0:06:13]}  Nxf6 {[%clk 0:04:12]} 35. Rxf6+ {[%clk 0:06:17]}  Ke7 {[%clk 0:04:16]} 36. Rxc6 {[%clk 0:06:20]} 1-0

[Event "Rapid Tournament (RAP)"]
[Site "Biel, CH"]
[Date "2025.07.13"]
[Round "3"]
[White "Schweitzer, Olaf"]
[Black "Shvedova, Alexandra"]
[Result "0-1"]
[Board "17"]
[WhiteFideId "634123"]
[BlackFideId "54154782"]
[BlackTitle "WFM"]
[WhiteElo "1996"]
[BlackElo "2177"]
[WhiteTeam "FRA"]
[BlackTeam "ITA"]
[WhiteClock "0:00:00"]
[BlackClock "0:00:20"]
[Variant "Standard"]

1. e4 {[%clk 0:15:08]}  c5 {[%clk 0:15:09]} 2. Nf3 {[%clk 0:15:11]}  d6 {[%clk 0:15:12]} 3. Bb5+ {[%clk 0:15:15]}  Nd7 {[%clk 0:15:16]} 4. c3 {[%clk 0:15:19]}  Ngf6 {[%clk 0:14:56]} 5. Qe2 {[%clk 0:15:23]}  a6 {[%clk 0:14:51]} 6. Ba4 {[%clk 0:15:27]}  g6 {[%clk 0:13:49]} 7. O-O {[%clk 0:15:30]}  b5 {[%clk 0:13:31]} 8. Bc2 {[%clk 0:15:34]}  Bg7 {[%clk 0:13:32]} 9. Rd1 {[%clk 0:15:38]}  Bb7 {[%clk 0:12:51]} 10. d4 {[%clk 0:15:41]}  O-O {[%clk 0:10:44]} 11. e5 {[%clk 0:15:27]}  Bxf3 {[%clk 0:09:23]} 12. gxf3 {[%clk 0:15:26]}  Ne8 {[%clk 0:07:16]} 13. e6 {[%clk 0:14:40]}  fxe6 {[%clk 0:07:05]} 14. Qxe6+ {[%clk 0:14:42]}  Kh8 {[%clk 0:07:06]} 15. a4 {[%clk 0:14:34]}  Nc7 {[%clk 0:06:04]} 16. Qh3 {[%clk 0:14:38]}  Kg8 {[%clk 0:05:52]} 17. axb5 {[%clk 0:14:34]}  cxd4 {[%clk 0:04:46]} 18. cxd4 {[%clk 0:13:02]}  Nxb5 {[%clk 0:03:31]} 19. Be3 {[%clk 0:12:58]}  Nb6 {[%clk 0:02:34]} 20. Bb3+ {[%clk 0:12:49]}  Kh8 {[%clk 0:02:54]} 21. Be6 {[%clk 0:12:47]}  Nc7 {[%clk 0:02:45]} 22. Ba2 {[%clk 0:11:39]}  Nbd5 {[%clk 0:02:47]} 23. Nc3 {[%clk 0:11:25]}  Nxc3 {[%clk 0:02:27]} 24. bxc3 {[%clk 0:11:29]}  d5 {[%clk 0:02:29]} 25. c4 {[%clk 0:10:24]}  Qd6 {[%clk 0:02:12]} 26. c5 {[%clk 0:08:29]}  Qf6 {[%clk 0:02:14]} 27. f4 {[%clk 0:08:26]}  Rad8 {[%clk 0:02:10]} 28. Qg2 {[%clk 0:08:15]}  Qf5 {[%clk 0:02:07]} 29. Bb1 {[%clk 0:08:10]}  Qh5 {[%clk 0:02:06]} 30. Bd3 {[%clk 0:07:55]}  Rf6 {[%clk 0:02:10]} 31. Rdb1 {[%clk 0:07:44]}  Ne6 {[%clk 0:02:07]} 32. Qg3 {[%clk 0:07:07]}  Rdf8 {[%clk 0:01:59]} 33. Rxa6 {[%clk 0:06:48]}  Bh6 {[%clk 0:01:35]} 34. Kh1 {[%clk 0:05:39]}  Bxf4 {[%clk 0:01:25]} 35. Bxf4 {[%clk 0:05:41]}  Nxf4 {[%clk 0:01:14]} 36. Rxf6 {[%clk 0:05:44]}  Rxf6 {[%clk 0:01:18]} 37. c6 {[%clk 0:05:22]}  Nxd3 {[%clk 0:00:58]} 38. Qxd3 {[%clk 0:04:18]}  Rxc6 {[%clk 0:00:54]} 39. Qe3 {[%clk 0:04:12]}  Qh4 {[%clk 0:00:28]} 40. Qe5+ {[%clk 0:03:48]}  Qf6 {[%clk 0:00:27]} 41. Qxd5 {[%clk 0:03:40]}  Kg7 {[%clk 0:00:19]} 42. Re1 {[%clk 0:03:13]}  Rd6 {[%clk 0:00:18]} 43. Qe5 {[%clk 0:02:48]}  Kf7 {[%clk 0:00:03]} 44. Re4 {[%clk 0:00:50]}  Qxe5 {[%clk 0:00:22]} 45. dxe5 {[%clk 0:00:54]}  Rd1+ {[%clk 0:00:26]} 46. Kg2 {[%clk 0:00:58]}  Ke6 {[%clk 0:00:30]} 47. f4 {[%clk 0:00:59]}  Kf5 {[%clk 0:00:24]} 48. Ra4 {[%clk 0:01:04]}  Rd2+ {[%clk 0:00:28]} 49. Kg3 {[%clk 0:01:08]}  Rd3+ {[%clk 0:00:32]} 50. Kg2 {[%clk 0:01:11]}  h5 {[%clk 0:00:18]} 51. Ra7 {[%clk 0:01:06]}  Kxf4 {[%clk 0:00:14]} 52. Rxe7 {[%clk 0:01:10]}  Re3 {[%clk 0:00:13]} 53. Rf7+ {[%clk 0:00:33]}  Kxe5 {[%clk 0:00:14]} 54. Re7+ {[%clk 0:00:16]}  Kf4 {[%clk 0:00:18]} 55. Rxe3 {[%clk 0:00:10]}  Kxe3 {[%clk 0:00:22]} 56. Kg3 {[%clk 0:00:14]}  Ke4 {[%clk 0:00:26]} 57. Kh4 {[%clk 0:00:16]}  Kf4 {[%clk 0:00:18]} 58. Kh3 {[%clk 0:00:20]}  g5 {[%clk 0:00:17]} 59. Kg2 {[%clk 0:00:23]}  g4 {[%clk 0:00:15]} 60. Kf2 {[%clk 0:00:27]}  h4 {[%clk 0:00:18]} 61. Kg2 {[%clk 0:00:27]}  Ke3 {[%clk 0:00:20]} 62. h3 {[%clk 0:00:00]}  g3 {[%clk 0:00:16]} 63. Kg1 {[%clk 0:00:00]}  Kf3 {[%clk 0:00:08]} 64. Kf1 {[%clk 0:00:00]}  Kf4 {[%clk 0:00:20]} 65. Kg1 {[%clk 0:00:00]}  Ke3 {[%clk 0:00:20]} 66. Kg2 {[%clk 0:00:00]} 0-1

[Event "Rapid Tournament (RAP)"]
[Site "Biel, CH"]
[Date "2025.07.13"]
[Round "3"]
[White "Shumilov, Ruslan"]
[Black "El-Mais, Ibaa"]
[Result "1-0"]
[Board "18"]
[WhiteFideId "1360183"]
[BlackFideId "1312715"]
[WhiteElo "1839"]
[BlackElo "2140"]
[WhiteTeam "SUI"]
[BlackTeam "SUI"]
[WhiteClock "0:02:42"]
[BlackClock "0:00:15"]
[Variant "Standard"]

1. e4 {[%clk 0:15:09]}  d6 {[%clk 0:15:08]} 2. d4 {[%clk 0:15:06]}  Nf6 {[%clk 0:15:11]} 3. Nc3 {[%clk 0:15:02]}  g6 {[%clk 0:15:14]} 4. f4 {[%clk 0:14:58]}  Bg7 {[%clk 0:15:17]} 5. Bc4 {[%clk 0:14:01]}  O-O {[%clk 0:14:50]} 6. e5 {[%clk 0:13:48]}  Ng4 {[%clk 0:13:09]} 7. Nf3 {[%clk 0:12:45]}  c5 {[%clk 0:13:04]} 8. dxc5 {[%clk 0:12:04]}  dxe5 {[%clk 0:13:06]} 9. Qxd8 {[%clk 0:11:40]}  Rxd8 {[%clk 0:13:09]} 10. h3 {[%clk 0:09:50]}  Nh6 {[%clk 0:13:07]} 11. fxe5 {[%clk 0:09:12]}  Nc6 {[%clk 0:11:11]} 12. O-O {[%clk 0:08:25]}  Bf5 {[%clk 0:08:45]} 13. Bg5 {[%clk 0:06:59]}  Bxc2 {[%clk 0:07:13]} 14. Rf2 {[%clk 0:06:02]}  Bd3 {[%clk 0:06:56]} 15. Bd5 {[%clk 0:05:40]}  Bf5 {[%clk 0:05:08]} 16. Bxc6 {[%clk 0:05:20]}  bxc6 {[%clk 0:05:11]} 17. Bxe7 {[%clk 0:05:09]}  Rd3 {[%clk 0:03:38]} 18. Bd6 {[%clk 0:04:29]}  Re8 {[%clk 0:04:13]} 19. Re1 {[%clk 0:04:29]}  Be6 {[%clk 0:03:05]} 20. g4 {[%clk 0:04:05]}  a5 {[%clk 0:02:10]} 21. Re4 {[%clk 0:03:46]}  Ra8 {[%clk 0:01:33]} 22. Kg2 {[%clk 0:03:26]}  Bd5 {[%clk 0:01:28]} 23. Nxd5 {[%clk 0:03:27]}  cxd5 {[%clk 0:01:32]} 24. Ra4 {[%clk 0:02:59]}  Ra6 {[%clk 0:00:24]} 25. b4 {[%clk 0:02:52]}  Re3 {[%clk 0:00:11]} 26. b5 {[%clk 0:02:50]}  Ra8 {[%clk 0:00:15]} 27. b6 {[%clk 0:02:42]} 1-0

[Event "Rapid Tournament (RAP)"]
[Site "Biel, CH"]
[Date "2025.07.13"]
[Round "3"]
[White "Gruenfeld, Yehuda"]
[Black "Peter, Raymond"]
[Result "1-0"]
[Board "19"]
[WhiteFideId "2800020"]
[BlackFideId "1308890"]
[WhiteTitle "GM"]
[WhiteElo "2308"]
[BlackElo "1968"]
[WhiteTeam "ISR"]
[BlackTeam "SUI"]
[WhiteClock "0:07:12"]
[BlackClock "0:10:15"]
[Variant "Standard"]

1. e4 {[%clk 0:15:07]}  Nf6 {[%clk 0:15:08]} 2. e5 {[%clk 0:15:11]}  Nd5 {[%clk 0:15:12]} 3. d4 {[%clk 0:15:15]}  d6 {[%clk 0:15:15]} 4. Nf3 {[%clk 0:15:19]}  Bg4 {[%clk 0:15:07]} 5. Be2 {[%clk 0:15:11]}  dxe5 {[%clk 0:14:52]} 6. Nxe5 {[%clk 0:15:00]}  Bxe2 {[%clk 0:15:23]} 7. Qxe2 {[%clk 0:15:04]}  e6 {[%clk 0:14:51]} 8. O-O {[%clk 0:15:00]}  a6 {[%clk 0:13:56]} 9. c4 {[%clk 0:13:50]}  Nf6 {[%clk 0:13:22]} 10. Rd1 {[%clk 0:13:17]}  Bd6 {[%clk 0:13:14]} 11. Nc3 {[%clk 0:13:10]}  O-O {[%clk 0:12:55]} 12. Bg5 {[%clk 0:13:01]}  h6 {[%clk 0:15:28]} 13. Bh4 {[%clk 0:12:47]}  c6 {[%clk 0:14:28]} 14. d5 {[%clk 0:12:23]}  Bxe5 {[%clk 0:14:24]} 15. Qxe5 {[%clk 0:11:53]}  Nbd7 {[%clk 0:13:23]} 16. Qd4 {[%clk 0:11:30]}  exd5 {[%clk 0:14:56]} 17. cxd5 {[%clk 0:11:02]}  c5 {[%clk 0:14:06]} 18. Qd2 {[%clk 0:10:50]}  Qb6 {[%clk 0:13:56]} 19. d6 {[%clk 0:10:04]}  Rfe8 {[%clk 0:14:56]} 20. Re1 {[%clk 0:09:40]}  Qb4 {[%clk 0:14:38]} 21. Bxf6 {[%clk 0:09:25]}  Nxf6 {[%clk 0:14:32]} 22. Re7 {[%clk 0:09:19]}  Rxe7 {[%clk 0:14:18]} 23. dxe7 {[%clk 0:10:06]}  Re8 {[%clk 0:14:20]} 24. Re1 {[%clk 0:10:08]}  c4 {[%clk 0:12:45]} 25. h3 {[%clk 0:09:55]}  Kh7 {[%clk 0:12:37]} 26. a3 {[%clk 0:09:26]}  Qa5 {[%clk 0:11:38]} 27. Qf4 {[%clk 0:07:54]}  Kg8 {[%clk 0:11:05]} 28. Qxc4 {[%clk 0:07:29]}  Qb6 {[%clk 0:10:57]} 29. b4 {[%clk 0:07:16]}  Qd6 {[%clk 0:10:49]} 30. Ne4 {[%clk 0:06:37]}  Qe5 {[%clk 0:10:12]} 31. Nxf6+ {[%clk 0:07:33]}  Qxf6 {[%clk 0:09:59]} 32. Qd5 {[%clk 0:06:52]}  Qc6 {[%clk 0:09:19]} 33. Qd4 {[%clk 0:06:50]}  Qc7 {[%clk 0:09:12]} 34. Qd5 {[%clk 0:06:45]}  Qc6 {[%clk 0:09:09]} 35. Qxc6 {[%clk 0:07:25]}  bxc6 {[%clk 0:09:08]} 36. Kf1 {[%clk 0:07:21]}  f5 {[%clk 0:09:05]} 37. Rc1 {[%clk 0:07:19]}  Rxe7 {[%clk 0:10:15]} 38. Rxc6 {[%clk 0:07:12]} 1-0

[Event "Rapid Tournament (RAP)"]
[Site "Biel, CH"]
[Date "2025.07.13"]
[Round "3"]
[White "Buerki, Gilles"]
[Black "Menzi, Jonas"]
[Result "0-1"]
[Board "20"]
[WhiteFideId "1313541"]
[BlackFideId "1345133"]
[WhiteElo "1879"]
[BlackElo "2097"]
[WhiteTeam "SUI"]
[BlackTeam "SUI"]
[WhiteClock "0:00:15"]
[BlackClock "0:00:35"]
[Variant "Standard"]

1. d4 {[%clk 0:15:08]}  Nf6 {[%clk 0:15:09]} 2. c4 {[%clk 0:15:11]}  e6 {[%clk 0:15:12]} 3. Nf3 {[%clk 0:15:14]}  d5 {[%clk 0:15:16]} 4. g3 {[%clk 0:15:15]}  Be7 {[%clk 0:15:07]} 5. Bg2 {[%clk 0:15:17]}  O-O {[%clk 0:15:09]} 6. O-O {[%clk 0:15:19]}  dxc4 {[%clk 0:15:13]} 7. Ne5 {[%clk 0:15:05]}  c5 {[%clk 0:15:03]} 8. dxc5 {[%clk 0:14:53]}  Qc7 {[%clk 0:15:11]} 9. Nxc4 {[%clk 0:14:32]}  Qxc5 {[%clk 0:15:14]} 10. Qb3 {[%clk 0:14:01]}  Nc6 {[%clk 0:15:16]} 11. Be3 {[%clk 0:13:34]}  Qh5 {[%clk 0:13:59]} 12. Nc3 {[%clk 0:12:09]}  Ng4 {[%clk 0:15:14]} 13. h3 {[%clk 0:12:07]}  Nxe3 {[%clk 0:15:17]} 14. Nxe3 {[%clk 0:11:57]}  e5 {[%clk 0:14:39]} 15. Ncd5 {[%clk 0:10:07]}  Bd8 {[%clk 0:15:24]} 16. g4 {[%clk 0:09:35]}  Qg6 {[%clk 0:14:04]} 17. Qc2 {[%clk 0:04:11]}  Be6 {[%clk 0:13:44]} 18. Qxg6 {[%clk 0:07:18]}  hxg6 {[%clk 0:13:33]} 19. Nc4 {[%clk 0:06:59]}  Bg5 {[%clk 0:08:01]} 20. e3 {[%clk 0:06:32]}  Rfd8 {[%clk 0:06:25]} 21. Rfd1 {[%clk 0:05:29]}  Rac8 {[%clk 0:07:40]} 22. Rac1 {[%clk 0:05:12]}  Nd4 {[%clk 0:05:56]} 23. exd4 {[%clk 0:03:32]}  Bxc1 {[%clk 0:05:59]} 24. Ne7+ {[%clk 0:03:21]}  Kf8 {[%clk 0:06:03]} 25. Nxc8 {[%clk 0:03:18]}  Rxc8 {[%clk 0:03:30]} 26. Rxc1 {[%clk 0:02:58]}  b5 {[%clk 0:03:22]} 27. dxe5 {[%clk 0:02:31]}  g5 {[%clk 0:03:26]} 28. Rc3 {[%clk 0:02:20]}  b4 {[%clk 0:02:15]} 29. Rc2 {[%clk 0:01:58]}  Rxc4 {[%clk 0:02:09]} 30. Rxc4 {[%clk 0:01:56]}  Bxc4 {[%clk 0:02:13]} 31. a3 {[%clk 0:01:52]}  bxa3 {[%clk 0:02:16]} 32. bxa3 {[%clk 0:01:56]}  Ke7 {[%clk 0:02:20]} 33. Be4 {[%clk 0:00:53]}  Ke6 {[%clk 0:02:21]} 34. f3 {[%clk 0:00:57]}  Kxe5 {[%clk 0:02:22]} 35. Kf2 {[%clk 0:01:01]}  Bd5 {[%clk 0:01:50]} 36. Bc2 {[%clk 0:00:42]}  Kf4 {[%clk 0:01:10]} 37. Bd1 {[%clk 0:00:39]}  a5 {[%clk 0:01:01]} 38. Be2 {[%clk 0:00:35]}  Bb3 {[%clk 0:00:29]} 39. Bb5 {[%clk 0:00:19]}  Bd5 {[%clk 0:00:14]} 40. Be2 {[%clk 0:00:22]}  Bc6 {[%clk 0:00:18]} 41. Bd1 {[%clk 0:00:25]}  Bb5 {[%clk 0:00:16]} 42. Bb3 {[%clk 0:00:25]}  f6 {[%clk 0:00:18]} 43. Bd1 {[%clk 0:00:29]}  Ke5 {[%clk 0:00:17]} 44. Ke3 {[%clk 0:00:33]}  Bf1 {[%clk 0:00:21]} 45. Bc2 {[%clk 0:00:25]}  Bxh3 {[%clk 0:00:23]} 46. Be4 {[%clk 0:00:29]}  Bf1 {[%clk 0:00:24]} 47. Kf2 {[%clk 0:00:28]}  Bc4 {[%clk 0:00:28]} 48. Ke3 {[%clk 0:00:33]}  Bb5 {[%clk 0:00:15]} 49. Bg6 {[%clk 0:00:29]}  Bc6 {[%clk 0:00:16]} 50. Bf5 {[%clk 0:00:29]}  Be8 {[%clk 0:00:14]} 51. Bd3 {[%clk 0:00:30]}  Kd5 {[%clk 0:00:12]} 52. Be2 {[%clk 0:00:25]}  Bg6 {[%clk 0:00:11]} 53. f4 {[%clk 0:00:26]}  gxf4+ {[%clk 0:00:14]} 54. Kxf4 {[%clk 0:00:30]}  Kd4 {[%clk 0:00:08]} 55. Bb5 {[%clk 0:00:30]}  Kc3 {[%clk 0:00:19]} 56. g5 {[%clk 0:00:14]}  Kb3 {[%clk 0:00:23]} 57. gxf6 {[%clk 0:00:15]}  gxf6 {[%clk 0:00:27]} 58. a4 {[%clk 0:00:17]}  Kb4 {[%clk 0:00:31]} 59. Ke3 {[%clk 0:00:15]}  Bc2 {[%clk 0:00:35]} 0-1

[Event "Rapid Tournament (RAP)"]
[Site "Biel, CH"]
[Date "2025.07.13"]
[Round "3"]
[White "Hajduk, Tomasz"]
[Black "Sadeghi, Hassan Roger"]
[Result "0-1"]
[Board "21"]
[WhiteFideId "21811415"]
[BlackFideId "1304712"]
[BlackTitle "CM"]
[WhiteElo "1830"]
[BlackElo "2068"]
[WhiteTeam "POL"]
[BlackTeam "SUI"]
[WhiteClock "0:00:32"]
[BlackClock "0:03:02"]
[Variant "Standard"]

1. e4 {[%clk 0:15:08]}  Nc6 {[%clk 0:15:08]} 2. d4 {[%clk 0:15:11]}  e5 {[%clk 0:15:08]} 3. d5 {[%clk 0:15:12]}  Nce7 {[%clk 0:15:12]} 4. Bd3 {[%clk 0:14:55]}  Ng6 {[%clk 0:15:10]} 5. Ne2 {[%clk 0:14:56]}  Bc5 {[%clk 0:15:09]} 6. O-O {[%clk 0:14:44]}  Nf6 {[%clk 0:15:09]} 7. Bg5 {[%clk 0:14:28]}  h6 {[%clk 0:15:09]} 8. Bd2 {[%clk 0:14:28]}  d6 {[%clk 0:15:04]} 9. b4 {[%clk 0:14:21]}  Bb6 {[%clk 0:15:06]} 10. c4 {[%clk 0:14:24]}  a5 {[%clk 0:14:41]} 11. bxa5 {[%clk 0:11:55]}  Bxa5 {[%clk 0:14:45]} 12. Bxa5 {[%clk 0:11:38]}  Rxa5 {[%clk 0:14:46]} 13. Nd2 {[%clk 0:11:33]}  b6 {[%clk 0:14:23]} 14. Nb3 {[%clk 0:11:32]}  Ra7 {[%clk 0:12:17]} 15. Nc3 {[%clk 0:11:03]}  Bd7 {[%clk 0:12:14]} 16. Nb5 {[%clk 0:10:17]}  Bxb5 {[%clk 0:09:52]} 17. cxb5 {[%clk 0:10:21]}  Nd7 {[%clk 0:09:45]} 18. Qc2 {[%clk 0:10:13]}  Nc5 {[%clk 0:09:43]} 19. Nxc5 {[%clk 0:10:16]}  dxc5 {[%clk 0:09:47]} 20. a4 {[%clk 0:10:17]}  Ra5 {[%clk 0:09:35]} 21. Rfc1 {[%clk 0:09:16]}  O-O {[%clk 0:09:34]} 22. Qd2 {[%clk 0:09:18]}  Qe7 {[%clk 0:08:52]} 23. Be2 {[%clk 0:08:39]}  Rfa8 {[%clk 0:08:49]} 24. Rc4 {[%clk 0:08:18]}  Rxb5 {[%clk 0:07:30]} 25. Rcc1 {[%clk 0:07:35]}  Rb4 {[%clk 0:06:59]} 26. Qc2 {[%clk 0:06:24]}  Ra5 {[%clk 0:06:18]} 27. Bb5 {[%clk 0:06:12]}  Qg5 {[%clk 0:05:24]} 28. Re1 {[%clk 0:04:12]}  Nh4 {[%clk 0:05:01]} 29. f4 {[%clk 0:02:27]}  Nf3+ {[%clk 0:04:31]} 30. Kh1 {[%clk 0:02:10]}  Nxe1 {[%clk 0:04:33]} 31. Rxe1 {[%clk 0:02:13]}  Qxf4 {[%clk 0:04:30]} 32. Rf1 {[%clk 0:02:06]}  Qxe4 {[%clk 0:03:49]} 33. Qf2 {[%clk 0:02:09]}  Qxd5 {[%clk 0:02:12]} 34. h4 {[%clk 0:00:47]}  Rf4 {[%clk 0:03:11]} 35. Qe2 {[%clk 0:00:32]}  Rxh4+ {[%clk 0:03:02]} 0-1

[Event "Rapid Tournament (RAP)"]
[Site "Biel, CH"]
[Date "2025.07.13"]
[Round "3"]
[White "De Gregorio, Alexis"]
[Black "Schaller, Didier"]
[Result "1/2-1/2"]
[Board "22"]
[WhiteFideId "1310054"]
[BlackFideId "1314351"]
[WhiteElo "2032"]
[BlackElo "1854"]
[WhiteTeam "SUI"]
[BlackTeam "SUI"]
[WhiteClock "0:02:54"]
[BlackClock "0:02:07"]
[Variant "Standard"]

1. e4 {[%clk 0:15:07]}  c6 {[%clk 0:15:08]} 2. d4 {[%clk 0:15:09]}  d5 {[%clk 0:15:10]} 3. exd5 {[%clk 0:15:11]}  cxd5 {[%clk 0:15:13]} 4. c4 {[%clk 0:15:14]}  e6 {[%clk 0:15:12]} 5. Nf3 {[%clk 0:15:13]}  Nc6 {[%clk 0:14:53]} 6. Nc3 {[%clk 0:15:03]}  Nf6 {[%clk 0:14:51]} 7. Be2 {[%clk 0:14:54]}  dxc4 {[%clk 0:14:03]} 8. Bxc4 {[%clk 0:14:18]}  Be7 {[%clk 0:14:02]} 9. O-O {[%clk 0:14:09]}  O-O {[%clk 0:14:05]} 10. h3 {[%clk 0:13:44]}  a6 {[%clk 0:13:56]} 11. Bf4 {[%clk 0:13:16]}  b5 {[%clk 0:13:11]} 12. Bd3 {[%clk 0:13:09]}  Bb7 {[%clk 0:12:32]} 13. Rc1 {[%clk 0:10:39]}  Rc8 {[%clk 0:12:31]} 14. Bb1 {[%clk 0:10:27]}  Qb6 {[%clk 0:09:39]} 15. d5 {[%clk 0:08:23]}  exd5 {[%clk 0:09:20]} 16. Nxd5 {[%clk 0:08:08]}  Nxd5 {[%clk 0:09:20]} 17. Qxd5 {[%clk 0:08:10]}  Nb4 {[%clk 0:05:46]} 18. Qh5 {[%clk 0:07:42]}  g6 {[%clk 0:05:31]} 19. Qg4 {[%clk 0:05:50]}  Nd5 {[%clk 0:03:13]} 20. Be5 {[%clk 0:03:45]}  Bf6 {[%clk 0:02:07]} 21. Qd4 {[%clk 0:02:54]} 1/2-1/2